Sedenie

Na minha lista:
Detalhes bibliográficos
Autor principal: Forgáč, Ján (Author)
Outros Autores: Lipková, Michala (Thesis advisor)
Formato: Manuscrito Livro
Idioma:eslovaco
Publicado em: Bratislava 2017
Assuntos:
Acesso em linha:http://is.stuba.sk/zp/portal_zp.pl?podrobnosti=133742
Tags: Adicionar Tag
Sem tags, seja o primeiro a adicionar uma tag!

MARC

LEADER 00000ntm a22000003a 4500
001 stuzp65395
003 SK-STU
005 20210208074406.9
007 ta
008 150427s2015----xo-----f-mn---000-0-slo-d
040 |a STU  |b slo 
041 0 |a slo 
100 1 |a Forgáč, Ján  |u 059190  |4 aut  |U FAD Fakulta architektúry  |T FA Ústav dizajnu  |X 65446  |U A9190  |Y 400  |7 65446 
242 0 1 |a Sitting  |y eng 
245 1 0 |a Sedenie 
260 |c 2017  |a Bratislava 
650 4 |a dizajn  |2 slo 
650 4 |a sedenie  |2 slo 
650 4 |a ekológia  |2 slo 
650 4 |a biodegradovateľný  |2 slo 
650 4 |a príroda  |2 slo 
650 4 |a seno  |2 slo 
650 4 |a sitting  |2 eng 
650 4 |a design  |2 eng 
650 4 |a ecology  |2 eng 
650 4 |a biodegradable  |2 eng 
650 4 |a hey  |2 eng 
650 4 |a nature  |2 eng 
700 1 |a Lipková, Michala  |u 059190  |k Z1  |4 ths  |U FAD Fakulta architektúry  |T FA Ústav dizajnu  |X 15371  |U A9190  |Y 400  |7 A000015371 
856 4 |u http://is.stuba.sk/zp/portal_zp.pl?podrobnosti=133742  |u https://opac.crzp.sk/?fn=detailBiblioForm&sid=85D30AFD358849054299B94E20A9